| 000 | 00746 a2200205 4500 | ||
|---|---|---|---|
| 020 | _a0470844175 | ||
| 040 |
_aDLC _bDLC |
||
| 082 | 0 | 0 | _a621.382 |
| 100 | 1 | _aLiu, Kevin H. | |
| 245 | 1 | 0 |
_aIP over WDM _cKevin H. Liu. |
| 260 |
_aNew York : _bJ. Wiley, _c2002. |
||
| 300 |
_axxiii, 389 p. : _bill. ; _c25 cm. |
||
| 650 | 0 | _aWavelength division multiplexing. | |
| 650 | 0 | _aTCP/IP (Computer network protocol) | |
| 650 | 0 | _aFiber optics. | |
| 856 | 4 | 2 |
_3Publisher description _uhttp://www.loc.gov/catdir/description/wiley036/2002028073.html |
| 856 | 4 | 2 |
_3Table of contents _uhttp://www.loc.gov/catdir/toc/wiley031/2002028073.html |
| 856 | 4 | 2 |
_3Book review (E-STREAMS) _uhttp://www.e-streams.com/es0701/es0701_2964.html |
| 942 |
_cBK _k621.382 LIU _2ddc |
||
| 999 |
_c8158 _d8158 |
||